All Countries by Coastline - Statistics

General Stats
  • This quiz has been taken 52 times
  • The average score is 54 of 151
Answer Stats
Coastline Length (km) Country Continent % Correct
137000 Canada North America
100%
73100 Russia Asia/Europe
100%
52500 Indonesia Asia
97%
69500 United States North America
97%
34100 Australia Oceania
85%
18700 Brazil South America
85%
31300 Chile South America
85%
48800 Denmark Europe
82%
27400 Norway Europe
82%
16800 China Asia
79%
15600 Mexico North America
76%
17300 Philippines Asia
76%
15500 Japan Asia
73%
16700 United Kingdom Europe
73%
12200 France Europe
70%
11000 India Asia
70%
11200 Papua New Guinea Oceania
70%
6520 Sweden Europe
70%
5910 Argentina South America
67%
5750 Cuba North America
67%
9480 Greece Europe
67%
10300 New Zealand Oceania
67%
5850 Turkey Asia/Europe
67%
5480 Venezuela South America
67%
6020 Italy Europe
64%
5200 Iceland Europe
61%
5440 Madagascar Africa
61%
6330 Myanmar Asia
58%
5010 Spain Europe
58%
5780 Vietnam Asia
58%
5270 Malaysia Asia
55%
3560 Colombia South America
52%
4190 Finland Europe
52%
4020 Saudi Arabia Asia
52%
3450 Ireland Europe
48%
4500 Solomon Islands Oceania
48%
4860 South Korea Asia
48%
3870 Thailand Asia
48%
2590 Ecuador South America
45%
2610 Fiji Oceania
45%
2660 Germany Europe
45%
2650 Peru South America
45%
2900 Ukraine Europe
45%
3780 Bahamas North America
42%
2730 Croatia Europe
42%
2660 Iran Asia
42%
3840 Mozambique Africa
42%
2290 Oman Asia
42%
2270 Vanuatu Oceania
42%
3150 Bangladesh Asia
39%
1290 Dominican Republic North America
39%
1490 Estonia Europe
39%
1470 Haiti North America
39%
1370 Nicaragua North America
39%
3380 Panama North America
39%
3070 South Africa Africa
39%
2540 Yemen Asia
39%
1450 Costa Rica North America
36%
3790 Egypt Africa
36%
1510 Honduras North America
36%
2710 Morocco Africa
36%
1360 Netherlands Europe
36%
2140 North Korea Asia
36%
1450 Pakistan Asia
36%
2120 Portugal Europe
36%
19.9 Nauru Oceania
33%
825 Guyana South America
30%
1780 Libya Africa
30%
2440 Somalia Africa
30%
1990 Sri Lanka Asia
30%
1270 Taiwan Asia
30%
77.8 Tuvalu Oceania
30%
868 Uruguay South America
30%
1890 Angola Africa
27%
1170 Kiribati Oceania
27%
7.07 Monaco Europe
27%
608 Suriname South America
27%
1910 Tanzania Africa
27%
1390 Tunisia Africa
27%
785 Belize North America
24%
185 Brunei Asia
24%
1420 Eritrea Africa
24%
345 Federated States of Micronesia Oceania
24%
1280 Ivory Coast Africa
24%
406 Marshall Islands Oceania
24%
1510 Namibia Africa
24%
2190 Nigeria Africa
24%
543 Qatar Asia
24%
342 Samoa Oceania
24%
97.1 Singapore Asia
24%
346 Tonga Oceania
24%
136 Bahrain Asia
21%
89.9 Barbados North America
21%
94.5 Belgium Europe
21%
18.4 Bosnia and Herzegovina Europe
21%
795 Cambodia Asia
21%
702 East Timor Asia
21%
1900 Gabon Africa
21%
114 Grenada North America
21%
200 Israel Asia
21%
641 Jamaica North America
21%
483 Kuwait Asia
21%
523 Latvia Europe
21%
519 Maldives Asia
21%
275 Palau Oceania
21%
677 Poland Europe
21%
1260 Senegal Africa
21%
1250 United Arab Emirates Asia
21%
456 Albania Europe
18%
178 Antigua and Barbuda North America
18%
128 Dominica North America
18%
457 El Salvador North America
18%
308 Georgia Asia
18%
405 Guatemala North America
18%
1920 Guinea-Bissau Africa
18%
27 Jordan Asia
18%
227 Lebanon Asia
18%
108 Malta Europe
18%
167 Montenegro Europe
18%
107 Saint Kitts and Nevis North America
18%
107 Saint Lucia North America
18%
135 Saint Vincent and the Grenadines North America
18%
27.1 Slovenia Europe
18%
176 Syria Asia
18%
513 Trinidad and Tobago North America
18%
1200 Algeria Africa
15%
121 Benin Africa
15%
338 Bulgaria Europe
15%
561 Cyprus Asia
15%
879 Guinea Africa
15%
90.7 Iraq Asia
15%
216 Lithuania Europe
15%
1010 Mauritania Africa
15%
469 Romania Europe
15%
975 Sierra Leone Africa
15%
789 Cameroon Africa
12%
807 Cape Verde Africa
12%
343 Comoros Africa
12%
211 Democratic Republic of the Congo Africa
12%
319 Djibouti Africa
12%
495 Equatorial Guinea Africa
12%
590 Ghana Africa
12%
824 Kenya Africa
12%
606 Liberia Africa
12%
250 Mauritius Africa
12%
176 Republic of the Congo Africa
12%
185 Sao Tome and Principe Africa
12%
391 Seychelles Africa
12%
735 Sudan Africa
12%
49.9 Togo Africa
12%
497 Gambia Africa
9%
No matching quizzes found
Score Distribution
Percent of People with Each Score
Percentile by Number Answered
Your Score History
You have not taken this quiz